| 000 | 00602nam a22001337a 4500 | ||
|---|---|---|---|
| 040 | _cRUA | ||
| 082 | _aAGR POL 2009 B040 Or.1 | ||
| 100 | _aPOL, SOKEA. | ||
| 245 | _aComparision of lage scale clone trial at rubber research institute of cambodia ការប្រៀបធៀបក្លូនកៅស៊ូនៅវិទ្យាស្ថានស្រាវជ្រាវកៅស៊ូនៅកម្ពុជា | ||
| 260 |
_aPhnom Penh _bRUA _c2009 |
||
| 300 |
_ax; 65p. _bill. _c29cm. |
||
| 856 | _uhttps://drive.google.com/file/d/170NlpZ-_9m3NZ49eiCngJZnHlgYVpv9J/view?usp=sharing | ||
| 942 | _cAGR | ||
| 999 |
_c954 _d954 |
||